000 00401nam a22001577a 4500
003 macl
005 20221207122903.0
008 221207b |||||||| |||| 00| 0 eng d
040 _cmacl
082 _a900
100 _aदृष्टि The vision
_981593
245 _aInternal Security Notes [15] 2020
260 _bदृष्टि The vision
_c2020
650 _asecurity
942 _2ddc
_cHIN
999 _c65717
_d65717